|
|
|
|
| LEADER |
00000nab a2200000 a 4500 |
| 001 |
vtls000887960 |
| 003 |
SK-MaSNL |
| 005 |
20260304120206.0 |
| 008 |
250429c2004 xo 0 slo |
| 015 |
|
|
|a SNBRB2004/10-29821
|
| 035 |
|
|
|a CLN000239395
|
| 035 |
|
|
|a urn:nbn:sk:snk-abtm7
|
| 035 |
|
|
|a (urnnbn)urn:nbn:sk:snk:ar-003f4x
|
| 035 |
|
|
|a (uuid)2b1f0349-05b7-4563-8682-10670d2c2adc
|
| 040 |
|
|
|a SNKBUCL
|b slo
|c SNKBUCL
|e AACR2
|
| 041 |
0 |
|
|a slo
|
| 044 |
|
|
|a xo
|c SK
|
| 080 |
|
|
|a 347.963:347.955
|2 1997
|
| 080 |
|
|
|a 347.955:347.963
|2 1997
|
| 100 |
1 |
|
|a Segeč, Milan
|4 aut
|9 804278
|
| 245 |
1 |
0 |
|a Protest prokurátora a žaloba prokurátora pri preskúmavaní rozhodnutí správnych orgánov
|c Milan Segeč
|
| 504 |
|
|
|a Bibliogr. odkazy
|
| 650 |
0 |
7 |
|a prokurátori
|2 SNKPH
|9 4530
|
| 650 |
0 |
7 |
|a protesty
|2 SNK
|9 337515
|
| 650 |
0 |
7 |
|a súdne konania
|2 SNK
|9 1423749
|
| 655 |
|
7 |
|a články z novín a časopisov
|2 snkbucl
|9 267496
|
| 773 |
0 |
|
|t Justičná revue
|g Roč. 56., č. 3 (2004), s. 336-340
|x 1335-6461
|
| 850 |
|
|
|a Slovenská národná knižnica
|
| 852 |
|
|
|a Slovenská národná knižnica
|
| 954 |
|
|
|a odborná, vedecká literatúra pôvodná (slovenská)
|2 lita
|
| 958 |
|
|
|a article27
|
| 958 |
|
|
|a OND
|
| 958 |
|
|
|a NB
|
| 958 |
|
|
|a EUIPO
|
| 992 |
|
|
|a RBX
|
| 999 |
|
|
|c 2878968
|d 2880898
|